000 00416cam a2200169ua 4500
020 _c2.00
041 _aeng
_h
082 _a320.58
_bGAN/WO
100 _aGandhi, M.K .
245 _aWomen and Social Injustice /
_cM.K.Gandhi.
_hTextual Documents
260 _aAhmadabad :
_bNavajivan publishing house ,
_c1958.
300 _a207 ; .
365 _a2.00
504 _a
942 _cBK
999 _c1127
_d1127